书目信息 |
| 题名: |
旅游学概论
|
|
| 作者: | 李天元 编著 | |
| 分册: | ||
| 出版信息: | 天津 南开大学出版社 2000 |
|
| 页数: | 264页 | |
| 开本: | 20cm | |
| 丛书名: | ||
| 单 册: | ||
| 中图分类: | F59 | |
| 科图分类: | ||
| 主题词: | 旅游经济 | |
| 电子资源: | ||
| ISBN: | 7-310-01176-7 | |
| 000 | 00566nam 2200217 45 | |
| 001 | 0191014579 | |
| 005 | 20061012084422.48 | |
| 010 | @a7-310-01176-7@dCNY14.00 | |
| 100 | @a19910618d2000 em y0chiy0121 ea | |
| 101 | 0 | @achi |
| 102 | @aCN@b120000 | |
| 105 | @ay z 000yy | |
| 200 | 10 | @a旅游学概论@ALV YOU XUE GAI LUN@f李天元编著@Fli tian yuan bian zhu |
| 205 | @a4版@b修订版 | |
| 210 | @a天津@c南开大学出版社@d2000 | |
| 215 | @a264页@d20cm | |
| 606 | 0 | @a旅游经济 |
| 690 | @aF59@v3 | |
| 701 | 0 | @a李天元@4编著 |
| 801 | 0 | @aCN@bNLC@c20061012 |
| 905 | @dF59@e4=4 | |
| 旅游学概论/李天元编著.-4版,修订版.-天津:南开大学出版社,2000 |
| 264页;20cm |
| ISBN 7-310-01176-7:CNY14.00 |
| ● |
| 相关链接 |
|
|
|
|
正题名:旅游学概论
索取号:F59/4=4
 
预约/预借
| 序号 | 登录号 | 条形码 | 馆藏地/架位号 | 状态 | 备注 |
| 1 | 0501680 | 205016800 | 密集书库/ [索取号:F59/4=4] | 在馆 |